000
00292nam a22001337a 4500
008
170905b xxu||||| |||| 00| 0 eng d
020
_a
9781617400254
041
_a
eng
080
_2
4TH
_a
070
100
_a
40
101
_a
MED
245
_a
THE ENGAGED CITIZEN
_c
MILLS,SH
942
_2
udc
_c
BK
999
_c
26194
_d
26194